<?xml version="1.0" encoding="UTF-8"?><?xml-stylesheet type="text/xsl" href="static/style.xsl"?><OAI-PMH xmlns="http://www.openarchives.org/OAI/2.0/" xmlns:xsi="http://www.w3.org/2001/XMLSchema-instance" xsi:schemaLocation="http://www.openarchives.org/OAI/2.0/ http://www.openarchives.org/OAI/2.0/OAI-PMH.xsd"><responseDate>2026-04-27T22:07:29Z</responseDate><request verb="GetRecord" identifier="oai:uvadoc.uva.es:10324/9314" metadataPrefix="marc">https://uvadoc.uva.es/oai/request</request><GetRecord><record><header><identifier>oai:uvadoc.uva.es:10324/9314</identifier><datestamp>2021-06-30T09:07:25Z</datestamp><setSpec>com_10324_5654</setSpec><setSpec>com_10324_5186</setSpec><setSpec>com_10324_29291</setSpec><setSpec>col_10324_5658</setSpec></header><metadata><record xmlns="http://www.loc.gov/MARC21/slim" xmlns:doc="http://www.lyncode.com/xoai" xmlns:xsi="http://www.w3.org/2001/XMLSchema-instance" xmlns:dcterms="http://purl.org/dc/terms/" xsi:schemaLocation="http://www.loc.gov/MARC21/slim http://www.loc.gov/standards/marcxml/schema/MARC21slim.xsd">
<leader>00925njm 22002777a 4500</leader>
<datafield tag="042" ind1=" " ind2=" ">
<subfield code="a">dc</subfield>
</datafield>
<datafield tag="720" ind1=" " ind2=" ">
<subfield code="a">Seguel, Andrés G.</subfield>
<subfield code="e">author</subfield>
</datafield>
<datafield tag="260" ind1=" " ind2=" ">
<subfield code="c">2013</subfield>
</datafield>
<datafield tag="520" ind1=" " ind2=" ">
<subfield code="a">El objetivo del presente artículo es el de presentar las características simbólicas que devienen del concepto de artefacto en el contexto de una alarma de pandemia, como el de la gripe A (H1N1). Las cualidades simbólicas incluidas bajo la noción de artefacto son bien conocidas en las ciencias sociales (sociología, antropología, arqueología y lingüística). El artefacto es no un objeto, sino básicamente una acción destinada a diseñar, simular o crear un símil por medio de estructuras materiales, tecnológicas o lingüísticas. El objetivo del presente trabajo es el de poner de manifiesto las dimensiones simbólicas activadas por la gripe A (H1N1) como artefacto pandémico, a saber: a) la asunción de desligar la información del asunto, b) la necesidad de un soporte material que posibilita el intercambio, c) la reflexividad sociológica del artefacto y su agencia, d) la arbitrariedad de su uso social, lo que lo separa del diseño como intención.</subfield>
</datafield>
<datafield tag="520" ind1=" " ind2=" ">
<subfield code="a">The aim of the present paper is to present the symbolic features that are exposed by the concept of artefact in the context of a pandemic alarm, such as the A (H1N1) influenza. The symbolic qualities entailed by the notion of artefact are well-known within the Social Sciences: Sociology, Anthropology, Archaeology, and Linguistics. The artefact is basically not an object, but an action aimed at designing, simulating or creating a simile by means of material, technological or linguistic structures. The purpose of the present work is to unveil the symbolic dimensions that are activated by the A (H1N1) influenza as a Pandemic Artefact: a) the assumption of separating information from matter; b) the need for a material support to enable the exchange; c) the sociological reflexivity of the artefact and its agency; d) the arbitrariness of its social use, that detaches it from the design as intention.</subfield>
</datafield>
<datafield tag="024" ind2=" " ind1="8">
<subfield code="a">Sociología y tecnociencia: Revista digital de sociología del sistema tecnocientífico, 2013, N.3, pags.72-82</subfield>
</datafield>
<datafield tag="024" ind2=" " ind1="8">
<subfield code="a">1989-8487</subfield>
</datafield>
<datafield tag="024" ind2=" " ind1="8">
<subfield code="a">http://uvadoc.uva.es/handle/10324/9314</subfield>
</datafield>
<datafield tag="024" ind2=" " ind1="8">
<subfield code="a">72</subfield>
</datafield>
<datafield tag="024" ind2=" " ind1="8">
<subfield code="a">3</subfield>
</datafield>
<datafield tag="024" ind2=" " ind1="8">
<subfield code="a">82</subfield>
</datafield>
<datafield tag="024" ind2=" " ind1="8">
<subfield code="a">Sociología y tecnociencia: Revista digital de sociología del sistema tecnocientífico</subfield>
</datafield>
<datafield ind1=" " ind2=" " tag="653">
<subfield code="a">Sociología</subfield>
</datafield>
<datafield tag="245" ind1="0" ind2="0">
<subfield code="a">The A (H1N1) Influenza. Symbolic dimensions of a Pandemic Artefact</subfield>
</datafield>
</record></metadata></record></GetRecord></OAI-PMH>